=LDR 00000nam 2200000 4500 =001 INLIS000000000023378 =005 20130612122041 =008 ***********************************Ind** =035 ##$$0010-061300000023378 =041 ##$$a Ind =082 ##$$a 001.42 =090 ##$$a 001.42, Sug m =100 ##$$a Sugiyono =245 ##$$a Metode penelitian bisnis, 2005 =260 ##$$a 2005 $b Bandung =300 ##$$a 335 hlm, 23 cm =650 ##$$a Bisnis =850 ##$$a NBPNMAT